|
|
|
|
| LEADER |
02553nam a22004935i 4500 |
| 001 |
978-3-319-64188-1 |
| 003 |
DE-He213 |
| 005 |
20170814131110.0 |
| 007 |
cr nn 008mamaa |
| 008 |
170814s2017 gw | s |||| 0|eng d |
| 020 |
|
|
|a 9783319641881
|9 978-3-319-64188-1
|
| 024 |
7 |
|
|a 10.1007/978-3-319-64188-1
|2 doi
|
| 040 |
|
|
|d GrThAP
|
| 050 |
|
4 |
|a QC173.96-174.52
|
| 072 |
|
7 |
|a PHJ
|2 bicssc
|
| 072 |
|
7 |
|a PHQ
|2 bicssc
|
| 072 |
|
7 |
|a SCI053000
|2 bisacsh
|
| 082 |
0 |
4 |
|a 535.15
|2 23
|
| 100 |
1 |
|
|a Francis-Jones, Robert J.A.
|e author.
|
| 245 |
1 |
0 |
|a Active Multiplexing of Spectrally Engineered Heralded Single Photons in an Integrated Fibre Architecture
|h [electronic resource] /
|c by Robert J.A. Francis-Jones.
|
| 264 |
|
1 |
|a Cham :
|b Springer International Publishing :
|b Imprint: Springer,
|c 2017.
|
| 300 |
|
|
|a XXIII, 147 p. 80 illus., 77 illus. in color.
|b online resource.
|
| 336 |
|
|
|a text
|b txt
|2 rdacontent
|
| 337 |
|
|
|a computer
|b c
|2 rdamedia
|
| 338 |
|
|
|a online resource
|b cr
|2 rdacarrier
|
| 347 |
|
|
|a text file
|b PDF
|2 rda
|
| 490 |
1 |
|
|a Springer Theses, Recognizing Outstanding Ph.D. Research,
|x 2190-5053
|
| 505 |
0 |
|
|a Introduction -- Photon Pair Generation via Four-Wave Mixing in Photonic Crystal Fibres -- Numerical Modelling of Multiplexed Photon Pair Sources -- Design, Fabrication, and Characterisation of PCFs for Photon Pair Generation -- Construction of an Integrated Fibre Source of Heralded Single Photons -- Characterisation of a Multiplexed Photon Pair Source -- Conclusion.
|
| 520 |
|
|
|a This clearly written thesis discusses the development of a highly innovative single-photon source that uses active optical switching, known as multiplexing, to increase the probability of delivering photons into a single mode. Improving single-photon sources is critical in advancing the state of the art in photonic quantum technologies for information processing and communications.
|
| 650 |
|
0 |
|a Physics.
|
| 650 |
|
0 |
|a Quantum optics.
|
| 650 |
|
0 |
|a Optical materials.
|
| 650 |
|
0 |
|a Electronic materials.
|
| 650 |
1 |
4 |
|a Physics.
|
| 650 |
2 |
4 |
|a Quantum Optics.
|
| 650 |
2 |
4 |
|a Optics, Lasers, Photonics, Optical Devices.
|
| 650 |
2 |
4 |
|a Optical and Electronic Materials.
|
| 710 |
2 |
|
|a SpringerLink (Online service)
|
| 773 |
0 |
|
|t Springer eBooks
|
| 776 |
0 |
8 |
|i Printed edition:
|z 9783319641874
|
| 830 |
|
0 |
|a Springer Theses, Recognizing Outstanding Ph.D. Research,
|x 2190-5053
|
| 856 |
4 |
0 |
|u http://dx.doi.org/10.1007/978-3-319-64188-1
|z Full Text via HEAL-Link
|
| 912 |
|
|
|a ZDB-2-PHA
|
| 950 |
|
|
|a Physics and Astronomy (Springer-11651)
|